000 00277nam a2200121 a 4500
008 101022s1977|||| d
100 1 _aLie, Jonas
245 1 0 _aLodidovod a jeho žena
260 _bSmena
_aBraitlsava
_c1977
041 _aslo
044 _axo
_cSK
020 _c22
999 _c12046
_d12046